عرض عادي
عرض مارك
- Medical microbiology.
مدخل مصطلح موضوعي
001 - رقم الضبط
- حقل الضبط: 73995
003 - معرف رقم الضبط
- حقل الضبط: OSt
005 - تاريخ ووقت أخر عملية
- حقل الضبط: 20190731164202.0
008 - عناصر بيانات ثابتة الطول
- حقل تحكم ثابت الطول: 190731|| aca||aabn | a|a d
040 ## - مصدر الفهرسة
- هيئة الفهرسة الأصلية: OSt
- وكالة الكتابة: OSt
150 ## - مدخل-- مصطلح تاريخي
- عنصر مدخل المصطلح الموضوعي او الاسم الجغرافي: Medical microbiology.
670 ## - بيانات المصدر موجوده
- الاستشهاد بالمصدر: Work cat.: (OSt): Jawetz, Melnick & Adelberg's medical microbiology., 2016
